000 00631nam a2200229Ia 4500
003 GCL
008 140319s9999 xx 000 0 eng d
020 _a9774241738
040 _aGCL /
_cGCL
082 0 4 _aCC
_b582.16
_bM S
100 1 _aM. NABIL EL- HADIDI
245 1 0 _aTHE STREET TREES OF EGYPT /
_cM. NABIL EL- HADIDI
700 1 _aLOUTFY BOULOS
700 1 _aMAGDY EL-GOHARY
700 1 _aSAMI MAKAR
260 _aالقاهرة :
_bTHE AMERICAN UNIVERSITY IN CAIRO PRESS ،
_c1989
300 _a129 P.:
_bILL ؛
_c24 cm.
650 0 4 _aAGRICULTURE
650 0 4 _aTREES IN CITIES
650 0 4 _aTREES
942 _2ddc
_cBK
999 _c4374
_d4374